00341nam a2200121Ia 4500008004100000040001600041041001200057082002000069100002300089245005000112260004200162300001500204230917s9999||||xx |||||||||||||| ||und|| e88018aMAIN aEnglish a759.95406 C349H aChaitanya, Krishna 0aHistory of Indian painting: The modern period aNew DelhibAbhinav Publicationsc1994 axx, 400 p.